000 00403nam a22001217a 4500
999 _c9672
_d9672
003 OSt
008 201203b ||||| |||| 00| 0 eng d
245 _aIndian Journal of Mechanics And Structure
250 _a2017(Jan-Jun Vol.6 No.1, Jul-Dec Vol.6 No.2) 2018(Jan-Jun Vol.7 No.1, Jul-Dec Vol.7 No.2)
260 _aNew Delhi
_bGBS Publishers and Distributors
650 _aCivil Engineering
942 _2ddc
_cBV